| 000 | 00981nam a22002657a 4500 | ||
|---|---|---|---|
| 005 | 20240530110434.0 | ||
| 008 | 150406s2010 jo g b 001 0 ara d | ||
| 017 |
_a2009/6/2947 _bالاردن . دار الكتب الاردنية |
||
| 040 | _aEG-CaGPL | ||
| 082 | 0 | 2 |
_221 _a306.44\ _bهـ ل |
| 100 | 0 | _aهادى نهر | |
| 245 | 1 | 2 |
_aاللسانيات الاجتماعية عند العرب / _cتاليف هادى نهر |
| 260 |
_aعمان : _bدار الامل للنشر والتوزيع ، _c2010 . |
||
| 300 |
_a227 ص ؛ _c24 سم |
||
| 504 | _aببليوجرافية : ص 216 - 227 + فهارس | ||
| 650 | 0 | 4 | _aاللغات |
| 650 | 0 | 4 |
_aاللغات _xعلم الاجتماع |
| 650 | 0 | 4 |
_aاللغة العربية _xالفاظ |
| 650 | 0 | 4 |
_aاللغة العربية _xتاريخ |
| 650 | 0 | 4 |
_aاللغة _xالنطق |
| 650 | 0 | 4 |
_aاللغات _xنقد |
| 650 | 0 | 4 |
_aاللغة _xعلم |
| 942 |
_2ddc _cBK |
||
| 999 |
_c60899 _d60899 |
||